Normal view
MARC view
- Man-woman relationships
Entry Topical Term
001 - CONTROL NUMBER
- control field: 37435
003 - CONTROL NUMBER IDENTIFIER
- control field: OSt
005 - DATE AND TIME OF LATEST TRANSACTION
- control field: 20110919091942.0
008 - FIXED-LENGTH DATA ELEMENTS
- fixed length control field: 110919|||a|||||| | ||| d
040 ## - CATALOGING SOURCE
- Original cataloging agency: OSt
- Transcribing agency: OSt
150 ## - HEADING--TOPICAL TERM
- Topical term or geographic name as entry element: Man-woman relationships
- General subdivision: Religious aspects
- General subdivision: Christianity.
670 ## - SOURCE DATA FOUND
- Source citation: Work cat.: (OSt)0: Eastham, Chad, 1980- 37434, The truth about guys :, c2006.
670 ## - SOURCE DATA FOUND
- Source citation: Work cat.: (OSt)0: Eastham, Chad, 1980- 37434, The truth about guys :, c2006.